000 004280000a22001690004500
041 0 _aSPA
082 0 4 _aG 268.27 M2146c
100 1 _aMahecha, Guidoberto
245 1 0 _aConociendo a Jesucristo / Guidoberto Mahecha
260 _aBogotá, Colombia : [S:N]
300 _a89 Pag
001 7856
942 _cBK
999 _c38060
_d38060
336 _atexto
_btxt
_2rdacontent
337 _2rdamedia
_asin mediación
_bn
338 _2rdacarrier
_avolumen
_bnc